Histoire des Ducs de Bourgogne de la Maison de Valois (Record no. 28717)

MARC details
000 -LEADER
campo de control de longitud fija 00675nam a2200193 i 4500
001 - NÚMERO DE CONTROL
campo de control 28717
003 - IDENTIFICADOR DE NÚMERO DE CONTROL
campo de control ES-MaACL
005 - FECHA Y HORA DE LA ÚLTIMA TRANSACCIÓN
campo de control 20230906153921.0
007 - CAMPO FIJO DE DESCRIPCIÓN FÍSICA--INFORMACIÓN GENERAL
campo de control de longitud fija t|
008 - DATOS DE LONGITUD FIJA--INFORMACIÓN GENERAL
campo de control de longitud fija 030120s1854 fr ||||1| fre d
100 1# - ENTRADA PRINCIPAL--NOMBRE DE PERSONA
Nombre de persona Barante, Prosper Brugière
Títulos y otros términos asociados al nombre baron de (
Fechas asociadas al nombre 1782-1866)
9 (RLIN) 25324
245 10 - MENCIÓN DEL TÍTULO
Título Histoire des Ducs de Bourgogne de la Maison de Valois
Resto del título : 1364-1477 /
Mención de responsabilidad, etc. Amable Guillaume Prosper Brugiere, Baron de Barante.
250 ## - MENCION DE EDICION
Mención de edición 7eme ed.
260 ## - PUBLICACIÓN, DISTRIBUCIÓN, ETC.
Lugar de publicación, distribución, etc. París :
Nombre del editor, distribuidor, etc. Normant,
Fecha de publicación, distribución, etc. 1854.
300 ## - DESCRIPCIÓN FÍSICA
Extensión 12 v. ;
Dimensiones 23 cm.
600 14 - PUNTO DE ACCESO ADICIONAL DE MATERIA--NOMBRE DE PERSONA
Nombre de persona Borgoña, Duques de-
Subdivisión de forma Historia.
9 (RLIN) 152880
651 #4 - PUNTO DE ACCESO ADICIONAL DE MATERIA--NOMBRE GEOGRÁFICO
Nombre geográfico Borgoña-
Subdivisión general Historia-
Subdivisión cronológica 1363-1477, Casa de Valois.
9 (RLIN) 152881
852 ## - LOCALIZACIÓN
Ubicación ES-MaACL
Número de control de estantería F-12075-86
Holdings
Estatus retirado Estado de pérdida Estado de daño No para préstamo Colección Biblioteca de origen Biblioteca actual Ubicación en estantería Fecha de adquisición Fuente de adquisición Total de préstamos Signatura topográfica completa Código de barras Visto por última vez Precio de reemplazo Tipo de ítem Koha
        Libros del s. XIX Biblioteca del Ateneo de Madrid Biblioteca del Ateneo de Madrid Sala Pecera Planta 2 17/01/2008     F-12075-86 1029649 23/02/2023 23/02/2023 Libro impreso antiguo